Literatura e colonialismo : rotas de navegacao e comércio no fantástico de Murilo Rubiao /
Na minha lista:
| Autor principal: | |
|---|---|
| Formato: | Desconhecido |
| Idioma: | Portuguese |
| Publicado em: |
Brasilia, Brasil:
Plano,
c2001
|
| Assuntos: | |
| Tags: |
Adicionar Tag
Sem tags, seja o primeiro a adicionar uma tag!
|
MARC
| LEADER | 000000000a22000000004500 | ||
|---|---|---|---|
| 001 | 001361 | ||
| 008 | 170629s2001 bl ||||| |||| 00| 0 por d | ||
| 020 | |a 8585946261 | ||
| 041 | 0 | |a portugués | |
| 082 | |a Br869.309 |b B327-L | ||
| 100 | 1 | |a Bastos, Hermenegildo José | |
| 245 | 1 | 0 | |a Literatura e colonialismo : |b rotas de navegacao e comércio no fantástico de Murilo Rubiao / |c Hermenegildo José Bastos. |
| 260 | |a Brasilia, Brasil: |b Plano, |c c2001 | ||
| 300 | |a 127 páginas | ||
| 500 | |a Número de inscripción 9704 | ||
| 600 | 1 | 4 | |a RUBIAO, MURILLO |
| 650 | 4 | |a LITERATURA BRASILEÑA | |
| 650 | 4 | |a CRITICA LITERARIA | |
| 942 | |2 ddc |c BK | ||
| 999 | |c 2371 |d 2371 | ||



